ბათუმის შოთა რუსთაველის სახელმწიფო უნივერსიტეტის ბიბლიოთეკა

ზურაბ პაპასქირი - 60 : (ბიბ.ჩანაწერი № 59829)

000 -ლიდერი
ფიქსირებული სიგრძის საკონტროლო ველი 02269nam a22002537a 4500
003 - საკონტროლო ნომრის იდენტიფიკატორი
საკონტროლო ველი Ge_BSU
005 - ბოლო ოპერაციის თარიღი და დრო
საკონტროლო ველი 20230426105914.0
008 - ფიქსირებული სიგრძის მონაცემთა ელემენტები - ზოგადი ინფორმაცია
ფიქსირებული სიგრძის საკონტროლო ველი 230426s2010ge xxu||||| |||| 00| 0 geo d
020 ## - წიგნის საერთაშორისო სტანდარტული ნომერი
International Standard Book Number 9789941061516
041 ## - ენის კოდი
Language code of text/sound track or separate title geo
080 ## - უნივერსალური ათობითი კლასიფიკაციის ინდექსი
Universal Decimal Classification number 94(479.22)+902.2(479.22)+39(=353.1)
100 ## - მთავარი ჩანაწერი - პიროვნების სახელი
Personal name ზურაბ პაპასქირი
9 (RLIN) 17796
245 ## - ცნობა სათაურის შესახებ
Title ზურაბ პაპასქირი - 60 :
Remainder of title ჟამთააღმწერლობა ჭეშმარიტის მეტყუელება არს : [კრებული] /
Statement of responsibility, etc რედ. ლია ახალაძე [და სხვ.]
264 ## - წარმოების, გამოცემის, დისტრიბუციის და სხვა ცნობები
გამოცემის, წარმოების, დისტრიბუციის... ადგილი თბილისი :
გამოცემის, წარმოების, დისტრიბუციის... სახელწოდება სოხუმის სახელმწ. უნ-ტის გამ-ბა,
გამოცემის, წარმოების, დისტრიბუციის... თარიღი 2010-2013.
300 ## - ფიზიკური აღწერა
Extent 568 გვ. ;
Other physical details 24 სმ.
504 ## - BIBLIOGRAPHY, ETC. NOTE
Bibliography, etc ბიბლიოგრ. ტექსტ. შენიშვნ.
546 ## - LANGUAGE NOTE
Language note რამდენიმე ტექსტი რუს.
600 ## - SUBJECT ADDED ENTRY--PERSONAL NAME
Personal name ზურაბ პაპასქირი კრებული ეძღვნებაცნობილი სიტორიკოსისა და საზოგადო მოღვაწის დაბადებიდან 60 წლისთავს
9 (RLIN) 17797
653 ## - INDEX TERM--UNCONTROLLED
Uncontrolled term პაპასქირი, ზურაბ.
653 ## - INDEX TERM--UNCONTROLLED
Uncontrolled term ქართველი ისტორიკოსები. საქართველოს ახალი ისტორია. მსოფლიო ისტორია. არქეოლოგიური გათხრები საქართველოში. ქართველების ეთნოგრაფია. აფხაზების ეთნოგრაფია. პოლიტოლოგია. საერთაშორისო ურთიერთობები.
700 ## - ADDED ENTRY--PERSONAL NAME
Personal name ახალაძე, ლია [და სხვ.].
Relator term რედაქტორი
9 (RLIN) 17798
710 ## - ADDED ENTRY--CORPORATE NAME
Corporate name or jurisdiction name as entry element სოხუმის სახელმწ. უნ-ტი, სსუ საქ. ისტ. და ეთნოლ. ინ-ტი, ექვთიმე თაყაიშვილის სახ. საქ. საისტ. საზ-ბის აფხ. ორგანიზაცია
9 (RLIN) 17799
942 ## - ADDED ENTRY ELEMENTS (KOHA)
Source of classification or shelving scheme
Koha item type წიგნი
ეგზემპლარები
ჩამოწერის სტატუსი დაკარგული ეგზემპლარის სტატუსი კლასიფიკაციის წყარო ან თაროზე გაწყობის სქემა დაზიანების სტატუსი არ გაიცემა მუდმივი მდებარეობა (დაცვის ადგილი) ამჟამინდელი ადგილსამყოფელი თაროზე განთავსების ადგილი შეძენის თარიღი ღირებულება, შესყიდვის ნორმალური ფასი სრული შენახვის შიფრი შტრიხკოდი ბოლო ოპერაციის თარიღი ეგზემპლარის მიმდევრობითი ნომერი (კეტერი?) Uniform Resource Identifier ფასის ძალაში შესვლის თარიღი ეგზემპლარის სახეობა საჯარო შენიშვნა
          ბათუმის შოთა რუსთაველის სახელმწიფო უნივერსიტეტის მთავარი ბიბლიოთეკა ბათუმის შოთა რუსთაველის სახელმწიფო უნივერსიტეტის მთავარი ბიბლიოთეკა წიგნსაცავი 2023-04-26 12.00 94(479.22)+902.2(479.22)+39(=353.1) 64304 2023-04-26 64304 ბსუ-ს საპატიო დოქტორის გურამ ლორთქიფანიძის საჩუქარი 2023-04-26 წიგნი 12.00